[Event "Orbis GM 2018"]
[Site "Paracin"]
[Date "2018.07.17"]
[Round "5"]
[White "Ikeda, Junta"]
[Black "Raghunandan, Kaumandur Srihari"]
[Result "0-1"]
[WhiteElo "2437"]
[BlackElo "2417"]
[Annotator "RC"]
[PlyCount "82"]
[EventDate "2018.??.??"]
[EventCountry "SRB"]
[SourceTitle "playchess.com"]
[Source "ChessBase"]
[SourceQuality "1"]
[TimeControl "40/5400+30:1800+30"]

1. Nf3 {[%emt 0:00:00]} g6 {[%emt 0:00:00]} 2. d4 {[%emt 0:00:00]} Bg7 {[%emt 0:00:05]} 3. g3 {[%emt 0:00:00]} c5 {[%emt 0:00:50]} 4. d5 {[%emt 0:01:26]} Nf6 {[%emt 0:00:28]} 5. Bg2 {[%emt 0:01:13]} O-O {[%emt 0:00:47]} 6. O-O {[%emt 0:01:53]} b5 {[%emt 0:03:19]} 7. Nfd2 {[%emt 0:06:09]} d6 {[%emt 0:03:28]} 8. a4 {[%emt 0:02:07]} b4 {[%emt 0:00:17]} 9. e4 {[%emt 0:02:06]} Nbd7 {[%emt 0:03:00]} 10. Re1 {[%emt 0:05:32]} Ba6 {[%emt 0:08:37]} 11. Bf1 {[%emt 0:05:24]} Bxf1 {[%emt 0:10:38]} 12. Nxf1 {[%emt 0:01:32]} c4 {[%emt 0:03:16]} 13. Nbd2 {[%emt 0:03:46]} Qc7 {[%emt 0:01:30]} 14. Qe2 {[%emt 0:09:10]} Rfc8 {[%emt 0:09:45]} 15. Ra2 {[%emt 0:07:39]} c3 {[%emt 0:25:03]} 16. bxc3 {[%emt 0:02:00]} Qxc3 {[%emt 0:00:36]} 17. a5 {[%emt 0:10:17]} Nc5 {[%emt 0:10:05]} 18. f3 {[%emt 0:13:58]} b3 {[%emt 0:01:45]} 19. Nxb3 {[%emt 0:00:18]} Nxb3 {[%emt 0:00:23]} 20. cxb3 {[%emt 0:00:05]} Qxb3 {[%emt 0:00:16]} 21. Rb2 {[%emt 0:02:57]} Qa3 {[%emt 0:05:51]} 22. Ra2 {[%emt 0:06:10]} Qb3 {[%emt 0:00:30]} 23. Rb2 {[%emt 0:02:38]} Qa3 {[%emt 0:03:59]} 24. Ra2 {[%emt 0:01:31]} Qb4 {[%emt 0:00:06]} 25. Be3 {[%emt 0:00:46]} Nd7 {[%emt 0:00:19]} 26. Nd2 {[%emt 0:00:48]} Ne5 {[%emt 0:02:29]} 27. Rb1 {[%emt 0:02:41]} Qc3 {[%emt 0:00:14]} 28. Rb7 {[%emt 0:02:53]} Rab8 {[%emt 0:04:21]} 29. Rxb8 {[%emt 0:05:36]} Rxb8 {[%emt 0:00:05]} 30. Bxa7 {[%emt 0:00:26]} Ra8 {[%emt 0:00:57]} 31. Bb6 {[%emt 0:00:59]} Nd3 {[%emt 0:01:23]} 32. Nb1 {[%emt 0:02:25]} Qc1+ {[%emt 0:00:16]} 33. Qf1 {[%emt 0:00:25]} Ne1 {[%emt 0:00:23]} 34. Nd2 {[%emt 0:00:51]} Bc3 {[%emt 0:00:12]} 35. Nc4 {[%emt 0:01:14]} Nxf3+ {[%emt 0:00:34]} 36. Kf2 {[%emt 0:00:32]} Ne1 {[%emt 0:00:32]} 37. Qe2 {[%emt 0:00:26]} Qb1 {[%emt 0:00:58]} 38. Na3 {[%emt 0:00:30]} Qb3 {[%emt 0:00:38]} 39. Nb5 {[%emt 0:00:35]} Nd3+ {[%emt 0:00:34]} 40. Qxd3 {[%emt 0:00:00]} Qxa2+ {[%emt 0:00:00]} 41. Qe2 {[%emt 0:04:33]} Bxa5 {[%emt 0:00:39]} 0-1

[Event "Orbis GM 2018"]
[Site "Paracin"]
[Date "2018.07.17"]
[Round "5"]
[White "Radovanovic, Mihajlo"]
[Black "Djordjevic, Vuk D"]
[Result "0-1"]
[WhiteElo "2402"]
[BlackElo "2403"]
[Annotator "TA"]
[PlyCount "186"]
[EventDate "2018.??.??"]
[EventCountry "SRB"]
[SourceTitle "playchess.com"]
[Source "ChessBase"]
[SourceQuality "1"]

{[%evp 31,186,0,0,0,47,11,27,12,18,27,12,25,74,56,63,51,55,54,58,56,104,104,121,121,121,114,114,83,76,54,55,51,63,52,48,54,83,87,72,89,81,77,80,21,18,23,89,89,118,89,89,89,102,96,137,111,151,144,142,110,171,171,171,171,176,137,161,135,121,41,181,178,167,59,58,26,31,19,18,20,24,24,89,28,34,14,15,8,8,0,0,0,0,8,88,0,0,0,0,-4,0,0,0,-4,0,0,0,0,0,0,0,0,0,-5,-5,-5,-8,-28,-28,-28,-28,-28,-28,-28,-28,-28,-28,-47,-40,-71,-71,-71,-14,-35,-35,-40,-40,-1016,-944,-656,-517,-29964,-730,-29971,-29972,-29974,-29971,-29960,-6621,-29976,-29977,-29977,-29978,-29977,-29978,-29972,-29971]} 1. Nf3 Nf6 2. g3 d5 3. Bg2 e6 4. O-O Be7 5. d3 b5 6. Nbd2 O-O 7. e4 c5 8. e5 Nfd7 9. Re1 Nc6 10. Nf1 a5 11. h4 b4 12. h5 {C00: French: Unusual White 2nd moves} Ba6 13. h6 g6 14. N1h2 a4 15. a3 bxa3 16. bxa3 Rb8 {LiveBook: 5 Games} 17. Ng4 {[#]} Na7 $146 ({Predecessor:} 17... Nd4 18. Nxd4 cxd4 19. Bd2 Qc7 {1-0 (46) Nakamura,H (2760)-Leko,P (2732) Beijing 2012}) 18. Bd2 (18. c4 $5) 18... Nc6 19. Qc1 Nd4 20. Nxd4 cxd4 21. Ra2 {[%cal Ba1a2,Ba2b2,Bb2b3,Bb3a3][%mdl 32]} Re8 22. Qa1 (22. Nh2 {keeps more tension.} Bf8 23. Qa1 Qb6 24. Nf3 Rb7 25. Bh3) 22... Qb6 23. Bb4 Bxb4 24. axb4 Bb5 25. Qc1 $1 Bc6 26. Rb2 a3 27. Rb3 Ba4 ({Much weaker is} 27... a2 $6 28. Qf4 $11) 28. Rxa3 Qxb4 29. Qa1 Bc6 30. Rb3 Qd2 31. Qc1 Qxc1 32. Rxc1 Kf8 33. Ra3 Ke7 34. c3 $36 {[%mdl 2048] White is on the roll.} Ra8 35. Rxa8 Rxa8 36. cxd4 Bb5 37. Rc7 (37. Bf1 $1 $16) 37... Kd8 $11 38. Rb7 Bc6 (38... Ra1+ $11 39. Kh2 Bc6) 39. Rb4 $16 Ke7 40. Bf3 Ra3 41. Be2 Ra2 42. Kf1 Ra3 43. Bd1 Ra2 44. Ke1 Kd8 45. Rb1 Kc7 (45... Ba4 $16) 46. Bb3 $18 Ra3 47. Kd2 Kd8 48. Kc3 Ra7 49. Rb2 Ke7 50. Ra2 (50. Bd1 $16) 50... Rb7 (50... Rxa2 $14 51. Bxa2 g5) 51. Ra5 g5 52. Ba4 (52. Bd1 $18) 52... Bxa4 $14 53. Rxa4 {[%mdl 4096] Endgame With the idea Ra8. KRN-KRN} f5 $1 {[%cal Rf5g4]} 54. exf6+ Nxf6 55. Ne5 {next Ra8 is good for White.} Ng8 $1 56. Ra1 Rc7+ {[#]} (56... Kf6 $1 $11) 57. Kd2 (57. Kb4 $1 $16) 57... Kf6 $11 58. Rh1 Ne7 59. g4 Ng6 60. Nf3 Nf4 61. Ne5 Ng6 62. Re1 {White wants to play Nxg6.} Nxe5 (62... Re7 $11 {keeps the balance.}) 63. Rxe5 {KR-KR} (63. dxe5+ $16 Kg6 64. Ra1) 63... Ra7 64. Ke3 Ra3 65. Ke2 Ra4 66. Ke3 Ra3 67. Ke2 Ra4 68. Ke3 Ra3 69. Kd2 Ra2+ 70. Ke3 Ra3 71. f3 Ra4 72. Kd2 Rxd4 73. Re1 Ra4 74. Rb1 Ra2+ 75. Ke3 Rh2 76. Rb8 Rxh6 77. Rf8+ Kg7 78. Re8 Kf7 79. Ra8 Rh3 80. Rb8 h5 81. gxh5 g4 ({Better is} 81... Rxh5 $17 82. Rb7+ Kf6) 82. Kf4 gxf3 {Strongly threatening ...f2.} 83. Rb2 Rxh5 {aiming for ...f2.} 84. Kxf3 $2 {[%mdl 8192]} (84. Rb7+ $15 Kf6 85. Kxf3) 84... Rh3+ $19 85. Kf4 Rxd3 86. Kg5 (86. Rh2 $19 Ke7 87. Ke5 Re3+ 88. Kd4 Re4+ 89. Kd3) 86... Ke7 (86... Rf3 $142 87. Rb7+ Kf8 88. Ra7 Rf5+ 89. Kg4 Rf7 90. Ra3 Ke7 91. Ra6 d4 92. Ra7+ Kf6 93. Ra5 d3 94. Ra1 Rd7 95. Kf4 d2 96. Rd1 Rd4+ 97. Kf3 Ke5 98. Ke3 Kd5 99. Kf3 Kc4 100. Ke2 Kc3 101. Ra1 Re4+ 102. Kf2 {[#]} Re1 $1 {[%mdl 512]} 103. Ra3+ Kc4 104. Ra4+ Kc5 105. Ra5+ Kb6 106. Ra3 d1=Q 107. Rb3+ Kc5 108. Rc3+ Kd4 109. Rc4+ Kxc4 110. Kg3 Re3+ 111. Kf4 Qd4+ 112. Kg5 Rg3+ 113. Kh6 Qh8#) 87. Rb6 Rf3 88. Ra6 Rf5+ 89. Kg6 d4 {[%cal Bd5d4,Bd4d3][%mdl 32]} 90. Rb6 d3 {Black mates.} 91. Rb2 Rd5 92. Rd2 Kd6 93. Kf6 Rd4 {Precision: White = 48%, Black = 56%.} 0-1

[Event "Orbis GM 2018"]
[Site "Paracin"]
[Date "2018.07.17"]
[Round "5"]
[White "Peng, Shunkai"]
[Black "Yilmazyerli, Mert"]
[Result "1-0"]
[WhiteElo "2390"]
[BlackElo "2491"]
[Annotator "TA"]
[PlyCount "67"]
[EventDate "2018.??.??"]
[EventCountry "SRB"]
[SourceTitle "playchess.com"]
[Source "ChessBase"]
[SourceQuality "1"]

{[%evp 21,67,43,44,27,46,31,39,36,110,100,111,97,94,50,56,58,66,48,50,54,49,0,48,0,51,58,106,107,271,268,258,266,250,222,241,239,431,437,416,420,566,561,503,466,649,451,1378,883]} 1. e4 g6 2. d4 Bg7 3. c4 d6 4. Nc3 Nf6 5. h3 O-O 6. Bg5 c5 7. d5 e6 8. Bd3 exd5 9. cxd5 a6 10. a4 {[%cal Ba2a4,Ba4a5][%mdl 32]} Nbd7 11. Nf3 h6 {LiveBook: 3 Partien. A65: Benoni} 12. Bf4 Qe7 13. O-O g5 $146 {Weiß steht etwas besser.} ({Vorgänger:} 13... Nh5 14. Bh2 Ne5 15. Be2 Nxf3+ 16. Bxf3 Nf6 17. e5 dxe5 18. d6 Qe6 19. Re1 {1-0 (40) Babula,V (2530)-Tsorbatzoglou,T (2310) Tyniste 1995}) 14. Bh2 Ne8 (14... g4 $14) 15. a5 $16 Rb8 16. Qe2 Nc7 17. Rfe1 Ne5 18. Nxe5 Bxe5 19. Bxe5 Qxe5 20. Na4 Na8 21. Nc3 Nc7 22. Na4 {[%cal Bc3a4,Ba4b2,Bb2c4,Bc4d6][%mdl 32]} Na8 $1 23. b3 Bd7 24. Nb2 $36 {[%mdl 2048] Weiss bestimmt, wo es lang geht.} Rbe8 $2 (24... b5 $16 {ist eine bessere Verteidigung.}) 25. Nc4 $18 Qf6 26. e5 dxe5 27. Qe4 {[%csl Gd3][%cal Re4h7] [#]} ({Auf keinen Fall} 27. Nxe5 $6 Qd6 $16) 27... Qg7 28. Nd6 Re7 $2 (28... Rb8 29. Qxe5 Nc7 30. Qxg7+ Kxg7) 29. Nxb7 f5 30. Qe2 f4 31. Nxc5 {Weiß steht klar auf Gewinn.} f3 32. Qe4 g4 33. Nxd7 g3 (33... Rxd7 $142 34. Qxg4 Nc7) 34. Qh7+ {Precision: Weiß = 58%, Schwarz = 39%.} 1-0

[Event "Orbis GM 2018"]
[Site "Paracin"]
[Date "2018.07.18"]
[Round "6"]
[White "Atalik, Suat"]
[Black "Raghunandan, Kaumandur Srihari"]
[Result "1/2-1/2"]
[WhiteElo "2509"]
[BlackElo "2417"]
[Annotator "TA"]
[PlyCount "117"]
[EventDate "2018.??.??"]
[EventCountry "SRB"]
[SourceTitle "playchess.com"]
[Source "ChessBase"]
[SourceQuality "1"]

{[%evp 24,117,54,37,64,40,35,35,36,37,49,50,97,97,85,93,96,98,83,48,50,38,43,46,74,64,78,79,83,5,22,35,31,29,28,28,13,0,0,0,0,0,0,0,0,0,0,0,0,0,0,0,0,0,0,5,9,9,20,20,20,20,20,20,20,20,20,20,20,20,20,20,20,20,20,20,20,20,20,16,16,16,16,16,16,16,16,0,0,0,0,0,0,0,0,0]} 1. d4 d6 2. Nf3 Nf6 3. c4 g6 4. Nc3 Bg7 5. e4 O-O 6. Be2 e5 7. O-O Nc6 8. dxe5 Nxe5 9. Bf4 {E97: King's Indian: Classical Main Line (6...e5 7 0-0 Nc6): 8 Be3 and 8 d5 Ne7, not 9 Ne1} (9. Nxe5 dxe5 10. Qxd8 Rxd8 11. Be3 c6 12. Rfd1 Re8 13. f3 Bf8 14. Na4 b6 15. b3 Be6 16. Nb2 Nd7 17. Nd3 f6 18. Rac1 Nc5 19. Nxc5 Bxc5 20. Bxc5 bxc5 {½-½ (35) Wojtaszek,R (2736)-Duda,J (2717) Katowice 2017}) 9... Nxf3+ 10. Bxf3 Nd7 11. Qd2 Ne5 12. Be2 Be6 13. b3 {LiveBook: 6 Games} Nc6 14. Rad1 $146 ({Predecessor:} 14. Be3 Qh4 15. Rac1 h6 16. Nd5 Rac8 {0-1 (63) Itkis,B (2387)-Petre,N (2307) Bucharest 2000}) 14... Nd4 15. Be3 Nxe2+ 16. Nxe2 a6 17. Bd4 b5 18. Bxg7 Kxg7 19. c5 Qh4 20. cxd6 cxd6 21. f4 {Strongly threatening f5.} Bg4 $1 22. Qb2+ Kg8 23. Rxd6 {Hoping for Nc3.} Rfd8 24. Rxd8+ Rxd8 25. Ng3 Qe7 26. e5 (26. f5 $16) 26... Qc5+ $11 27. Qf2 Qxf2+ 28. Rxf2 $14 {[%mdl 4096] Endgame KRB-KRN} Rd1+ 29. Rf1 Rd4 $1 30. h3 {The position is equal.} Be6 31. Rf2 a5 32. f5 gxf5 33. Nxf5 Re4 34. Ne7+ Kg7 35. Nc6 a4 36. bxa4 Rxa4 37. Rb2 Rxa2 38. Rxb5 Bd7 39. Rc5 Bxc6 40. Rxc6 $11 {KR-KR} Ra5 41. e6 fxe6 42. Rxe6 Ra2 43. Kh2 h5 44. Kg3 Rb2 45. Kf3 Rb4 46. Re4 Rb5 47. Kf4 Kf6 48. h4 Rf5+ 49. Ke3 Ra5 50. Rf4+ Kg6 51. g3 Ra3+ 52. Kf2 Ra2+ 53. Kf3 Ra3+ 54. Kg2 Ra2+ 55. Rf2 Rxf2+ 56. Kxf2 Kf5 57. Kf3 Ke5 58. g4 hxg4+ 59. Kxg4 {Precision: White = 79%, Black = 73%.} 1/2-1/2

[Event "Orbis GM 2018"]
[Site "Paracin"]
[Date "2018.07.18"]
[Round "6"]
[White "Lorparizangeneh, Shahin"]
[Black "Savic, Miodrag R"]
[Result "1/2-1/2"]
[WhiteElo "2493"]
[BlackElo "2541"]
[Annotator "TA"]
[PlyCount "42"]
[EventDate "2018.??.??"]
[EventCountry "SRB"]
[SourceTitle "playchess.com"]
[Source "ChessBase"]
[SourceQuality "1"]

{[%evp 18,19,18,14]} 1. Nf3 Nf6 2. b3 c5 3. Bb2 d6 4. c4 e5 5. Nc3 Nc6 6. g3 g6 7. Bg2 Bg7 8. O-O O-O 9. d3 h6 10. Nd2 {LiveBook: 37 Games} {Predecessor:} Be6 $146 11. Nde4 Qd7 12. Nxf6+ Bxf6 13. a3 Bg7 14. Nd5 Rab8 15. b4 b6 16. Bc3 Ne7 17. Nxe7+ Qxe7 18. a4 Qd7 19. Qd2 d5 20. bxc5 bxc5 21. cxd5 Bxd5 {½-½ (36) Artemiev,V (2653)-Gelfand,B (2725) Moscow 2016} 1/2-1/2

[Event "Orbis GM 2018"]
[Site "Paracin"]
[Date "2018.07.18"]
[Round "6"]
[White "Yilmazyerli, Mert"]
[Black "Ikeda, Junta"]
[Result "1/2-1/2"]
[WhiteElo "2491"]
[BlackElo "2437"]
[Annotator "TA"]
[PlyCount "30"]
[EventDate "2018.??.??"]
[EventCountry "SRB"]
[SourceTitle "playchess.com"]
[Source "ChessBase"]
[SourceQuality "1"]

{[%evp 20,30,0,13,0,0,3,0,0,0,0,0,0]} 1. e4 e5 2. Nf3 Nf6 3. Nc3 Nc6 4. g3 d5 5. exd5 Nxd5 6. Bg2 Nde7 {C47: Scotch Four Knights and Four Knights with 4 g3} 7. O-O g6 8. d4 exd4 9. Nb5 Bg7 10. Bf4 O-O 11. Nxc7 {LiveBook: 5 Games. The position is equal.} Rb8 12. Nb5 Ra8 13. Nc7 $146 ({Predecessor:} 13. c3 dxc3 14. bxc3 {½-½ (29) Adhiban,B (2627)-Erdos,V (2610) Biel 2015}) 13... Rb8 14. Nb5 {[#] aiming for Bc7.} Ra8 15. Nc7 Rb8 1/2-1/2

[Event "Orbis GM 2018"]
[Site "Paracin"]
[Date "2018.07.18"]
[Round "7"]
[White "Savic, Miodrag R"]
[Black "Atalik, Suat"]
[Result "1/2-1/2"]
[WhiteElo "2541"]
[BlackElo "2509"]
[Annotator "ChessBase"]
[PlyCount "23"]
[EventDate "2018.??.??"]
[EventCountry "SRB"]
[SourceTitle "playchess.com"]
[Source "ChessBase"]
[SourceQuality "1"]
[TimeControl "40/5400+30:1800+30"]

1. e4 {[%emt 0:00:00]} e5 {[%emt 0:00:00]} 2. Nf3 {[%emt 0:00:01]} Nf6 {[%emt 0:00:01]} 3. Nxe5 {[%emt 0:00:22]} d6 {[%emt 0:00:10]} 4. Nf3 {[%emt 0:00:11]} Nxe4 {[%emt 0:00:10]} 5. Qe2 {[%emt 0:00:16]} Qe7 {[%emt 0:00:08]} 6. d3 {[%emt 0:00:19]} Nf6 {[%emt 0:00:07]} 7. Nc3 {[%emt 0:00:43]} Qxe2+ {[%emt 0:00:10]} 8. Bxe2 {[%emt 0:00:11]} g6 {[%emt 0:00:06]} 9. Nb5 {[%emt 0:01:40]} Na6 {[%emt 0:00:17]} 10. c3 {[%emt 0:00:27]} c6 {[%emt 0:01:15]} 11. Na3 {[%emt 0:00:20]} d5 {[%emt 0:00:09]} 12. Nc2 {[%emt 0:00:14]} 1/2-1/2

[Event "Orbis GM 2018"]
[Site "Paracin"]
[Date "2018.07.18"]
[Round "7"]
[White "Ikeda, Junta"]
[Black "Djordjevic, Vuk"]
[Result "0-1"]
[WhiteElo "2437"]
[BlackElo "2403"]
[Annotator "TA"]
[PlyCount "144"]
[EventDate "2018.??.??"]
[EventCountry "SRB"]
[SourceTitle "playchess.com"]
[Source "ChessBase"]
[SourceQuality "1"]

{[%evp 22,144,0,-42,-44,-62,-41,-59,-36,-99,12,-51,-25,-42,-23,-27,0,-14,0,-62,-31,-92,-79,-220,-155,-191,-148,-173,0,-52,-58,-183,-178,-171,-196,-338,-240,-634,-620,-592,-570,-571,-542,-566,-580,-507,108,-208,-220,-677,-194,-181,-24,-21,-24,-26,0,-262,-270,-256,-235,-225,-233,-254,-246,-273,-268,-390,-393,-446,-441,-408,-327,-502,-500,-445,-464,-511,-511,-511,-511,-510,-508,-508,-507,-502,-497,-466,0,-491,-488,-489,-497,-493,-484,-474,-450,-510,-493,-570,-571,-569,-570,-636,-537,-526,-512,-655,-655,-655,-645,-657,-650,-632,-621,-589,-568,-578,-523,-725,-723,-722,-710,-688,-642]} 1. Nf3 Nf6 2. g3 d5 3. Bg2 e6 4. O-O Be7 5. c4 O-O 6. b3 d4 7. e3 c5 {A14: English Opening: 1...e6 with b3 by White} 8. exd4 cxd4 9. Re1 Nc6 10. d3 Re8 (10... Nd7 11. Ba3 Re8 12. Bxe7 Rxe7 13. a3 a5 14. Nbd2 Nc5 15. Ne4 Nxe4 16. Rxe4 e5 17. Re1 Bg4 18. h3 Bh5 {½-½ (36) Aronian,L (2799)-Nakamura,H (2792) Saint Louis 2017}) 11. a3 a5 12. Ra2 {LiveBook: 3 Games} Nd7 13. h4 $146 ({Predecessor:} 13. Rae2 Nc5 14. Qc2 Bd7 15. Nbd2 Qb6 {½-½ (52) Miroshnichenko,E (2602)-Can,E (2529) Kocaeli 2014}) 13... h6 14. Nh2 Qc7 15. Rae2 (15. Nd2 $15) 15... b6 (15... Nc5 $1 $17) 16. f4 ({White should try} 16. Ng4 $11) 16... Bb7 17. Nd2 Nc5 18. Ndf3 Bd6 19. Ng4 Red8 20. Nge5 (20. Nfe5 $11) 20... Ne7 $1 $15 {[%cal Bc6e7,Be7f5,Bf5e3][%mdl 32]} 21. Bb2 (21. Rf2 $15) 21... Nf5 $36 {[%mdl 2048] Keeping White busy.} 22. g4 (22. Kh2 $17) 22... Ne3 $19 23. Rxe3 dxe3 24. g5 h5 $2 (24... hxg5 $19 25. hxg5 f6 26. gxf6 gxf6) 25. g6 (25. Rxe3 $11 f6 26. Ng6 Bxf4 27. Nxf4 Qxf4 28. Qe2) 25... fxg6 $15 (25... f6 26. Rxe3 Kf8 27. Ne1 $17) 26. Rxe3 (26. Ng5 $1 $15) 26... Rf8 $19 27. Nxg6 {Threatens to win with Nfe5.} Bxf4 28. Re1 (28. Re2 $142) 28... Rf5 {Hoping for ...Bxf3.} 29. b4 $2 (29. Qe2 Bh6 30. Nfe5) 29... axb4 30. axb4 Ra2 31. Re2 Bxf3 32. Bxf3 {[#]} Be3+ $1 {[%mdl 512]} 33. Kg2 (33. Rxe3 Qg3+) 33... Na4 $2 {[#]} ({Better is} 33... Qf7 $1 $19 {[%cal Rf7g6]} 34. Ne5 Qf6) 34. Be5 $2 {[%mdl 8192]} (34. Ba1 $1 $16 {is necessary to keep the advantage.} Rxe2+ 35. Qxe2) 34... Rxe2+ 35. Bxe2 $2 (35. Qxe2 Rxe5 36. Bxh5) 35... Rf2+ $2 ({Worse is} 35... Rxe5 36. Qxa4 Rf5 37. Qe8+ Kh7 38. Nf8+ Rxf8 39. Qxf8 $11) (35... Qf7 36. Bxh5 {[#]} Rxh5 $1 {[%mdl 512]} 37. Ne7+ Kf8) 36. Kg3 Qb7 $2 (36... Qf7 $19 37. Bxh5 Rf5) 37. Bf3 $11 Qf7 38. Be4 Rd2 (38... Rf1 $5 {[%cal Rf7f2]} 39. Qe2 (39. Qxa4 {gets mated.} Rg1+ 40. Kh2 Qf2+ 41. Kh3 Qf1+ 42. Kh2 Qe2+ 43. Kh3 Qg4+ 44. Kh2 Rh1+ 45. Bxh1 Bg1#) 39... Rg1+ 40. Kh2 Qf2+ 41. Qxf2 Bxf2 $15) 39. Qf3 $2 {[%mdl 8192]} (39. Qxh5 $11 Qf2+ 40. Kg4) 39... Bf2+ $19 40. Kh3 Qxf3+ 41. Bxf3 Rxd3 42. Kg2 Rd2 43. Kh3 Nb2 44. c5 (44. Bxh5 $142 Nxc4 45. Ne7+ Kh8 46. Bf4 Rd3+ 47. Kg2) 44... bxc5 45. bxc5 Bxc5 46. Bxh5 Nd3 47. Bc7 (47. Bf4 {was called for.} Nxf4+ 48. Nxf4) 47... Nf2+ 48. Kg3 Ne4+ 49. Kh3 Nf6 50. Bf3 Bd6 51. Bxd6 Rxd6 {[%mdl 4096] Endgame KRN-KBN} 52. Kg3 Rd4 53. Ne5 Kf8 54. Ng6+ Kg8 55. Ne5 Ra4 {Black is clearly winning.} 56. Bc6 Ra5 57. Kf4 Kf8 58. Bf3 Rc5 59. Bg2 Ke7 60. Bf3 Nd7 61. Nd3 Ra5 62. Nf2 Rf5+ 63. Kg3 Nf6 64. Nh3 Rb5 65. Ng5 Rb4 66. Kh3 Rb3 67. Kg2 e5 68. Kf2 Ra3 69. Kg2 Kd6 70. Nf7+ Ke6 71. Ng5+ Kf5 72. Bb7 Rc3 {Precision: White = 25%, Black = 55%.} 0-1

[Event "Orbis GM 2018"]
[Site "Paracin"]
[Date "2018.07.18"]
[Round "7"]
[White "Raghunandan, Kaumandur Srihari"]
[Black "Yilmazyerli, Mert"]
[Result "0-1"]
[WhiteElo "2417"]
[BlackElo "2491"]
[Annotator "TA"]
[PlyCount "88"]
[EventDate "2018.??.??"]
[EventCountry "SRB"]
[SourceTitle "playchess.com"]
[Source "ChessBase"]
[SourceQuality "1"]

{[%evp 19,88,29,37,24,18,25,9,3,21,30,100,89,104,87,93,93,93,73,70,71,66,66,58,58,81,66,66,66,68,35,45,37,47,29,16,0,0,-8,-6,-37,-42,-182,-183,-173,-172,-244,-247,-228,-233,-279,-242,-632,-613,-610,-616,-612,-593,-511,-365,-360,-349,-470,-462,-783,-767,-911,-887,-1811,-1634,-2073,-1237]} 1. e4 c6 2. d4 d5 3. e5 c5 4. dxc5 Nc6 5. Nf3 e6 6. a3 {B12: Caro-Kann: Advance Variation} Bxc5 7. b4 Bb6 8. Bb2 Nge7 {[%cal Bg8e7,Be7g6,Bg6f4,Bf4d3][%mdl 32]} 9. Bd3 Ng6 10. O-O Nf4 {LiveBook: 18 Games} 11. Re1 (11. c4 O-O 12. Nc3 f6 13. exf6 Qxf6 {0-1 (21) Kryvoruchko,Y (2703)-Adhiban,B (2661) Sharjah 2018}) 11... Nxd3 12. Qxd3 O-O $146 ({Predecessor:} 12... Bd7) 13. Nbd2 Bd7 14. c4 dxc4 (14... Ne7 $11 {keeps the balance.}) 15. Nxc4 $16 Ne7 16. Nxb6 ({Of course not} 16. Ng5 $6 Nf5 $11) 16... axb6 {[#]} 17. b5 $1 Ra4 18. Ng5 {[%csl Gg5][%cal Rd3h7]} (18. Qb3 {with more complications.} Qa8 19. Ng5 h6 20. Ne4 Nd5 21. Rac1) 18... Nf5 19. Ne4 {And now Rad1 would win.} Qe8 20. Nc3 Rd4 21. Qf3 Rd2 22. Bc1 Rd4 $1 23. a4 Qc8 24. Ba3 (24. Ne2 $5 {[%cal Re2d4]} Rc4 25. Rd1 $14) 24... Rd8 25. Rac1 Qa8 26. g4 Nh4 27. Qg3 Ng6 28. Rcd1 Be8 29. Bd6 Rc4 {Strongly threatening ...Rdc8.} 30. h3 ({White should try} 30. h4 $15) 30... Rdc8 $36 {[%mdl 2048] Black is on the roll.} 31. Re3 {[#]} Qa5 $1 32. Ne4 (32. Rdd3 $142) 32... Qxa4 33. Rde1 Bxb5 34. Nc3 Qa5 35. Ne4 $2 (35. Nxb5 Qxb5 36. Qf3) 35... Rc1 36. Rxc1 Rxc1+ 37. Kh2 Qa1 {...Rh1+ is the strong threat.} 38. Qf3 {Black must now prevent Ra3.} Nxe5 39. Bxe5 Qxe5+ 40. Ng3 Qb8 {Black is clearly winning.} 41. Kg2 (41. Qe4 $142) 41... Bc6 42. Ne4 Qe5 {Hoping for ...f5.} 43. Rd3 g6 44. Re3 Rc4 {Precision: White = 42%, Black = 85%.} 0-1